000 00214 a2200097 4500
001 13544
100 _aSaletore B.A
245 _aAncient Indian
260 _aIndia
_bAsia publishing house
_c
090 _c10547
_d10547
942 _aNUST-CAE
_cM
_c611
999 _c248617
_d248617